| 000 | 00805nam a2200253 4500 | ||
|---|---|---|---|
| 003 | LK-CoMWRAF | ||
| 008 | 230819b2006 |||||||| |||| 00| 0 eng d | ||
| 020 | _a9551266176 | ||
| 040 |
_aLK-CoMWRAF _dLK-CoMWRAF _eLK-CoMWRAF |
||
| 041 | _aeng | ||
| 082 |
_a305.8 _bSRI |
||
| 111 |
_aSRI LANKA, CEASEFIRE AND AFTER _c(Chennai _dSeptember 2003) |
||
| 245 | _aSri Lanka, peace without process | ||
| 260 |
_aColombo: _bVijitha Yapa, _c2006 |
||
| 300 |
_axxxv, 335 p. ; 22 cm. _bIndex included |
||
| 650 | _aETHNIC CONFLICT-SRI LANKA-CONGRESSES | ||
| 650 | _aPeace-building-Sri Lanka | ||
| 650 | _a Conflict management -Sri Lanka | ||
| 650 | _aPolitics and government-Sri Lanka | ||
| 700 |
_aRaman, B. _eed. |
||
| 700 |
_aMoorthy, N. Sathiya _eed. |
||
| 700 |
_aChittaranjan, Kalpana _eed. |
||
| 942 | _cBK | ||
| 999 |
_c3224 _d3224 |
||